<?xml version="1.0" encoding="UTF-8"?>
<record
    xmlns:xsi="http://www.w3.org/2001/XMLSchema-instance"
    xsi:schemaLocation="http://www.loc.gov/MARC21/slim http://www.loc.gov/standards/marcxml/schema/MARC21slim.xsd"
    xmlns="http://www.loc.gov/MARC21/slim">

  <leader>01218cam a2200301 i 4500</leader>
  <controlfield tag="001">j  67003929 </controlfield>
  <controlfield tag="003">DLC</controlfield>
  <controlfield tag="005">20260227111522.0</controlfield>
  <controlfield tag="008">990709s1958    ja a         f000 0 jpn  </controlfield>
  <datafield tag="010" ind1=" " ind2=" ">
    <subfield code="a">j  67003929 </subfield>
  </datafield>
  <datafield tag="035" ind1=" " ind2=" ">
    <subfield code="a">(CStRLIN)DCLP99-B8636</subfield>
  </datafield>
  <datafield tag="040" ind1=" " ind2=" ">
    <subfield code="a">DLC-R</subfield>
    <subfield code="c">DLC-R</subfield>
    <subfield code="d">DLC-R</subfield>
    <subfield code="d">DLC</subfield>
  </datafield>
  <datafield tag="043" ind1=" " ind2=" ">
    <subfield code="a">a-ja---</subfield>
  </datafield>
  <datafield tag="050" ind1="0" ind2="0">
    <subfield code="a">HC465.I5</subfield>
    <subfield code="b">K42</subfield>
  </datafield>
  <datafield tag="066" ind1=" " ind2=" ">
    <subfield code="c">$1</subfield>
  </datafield>
  <datafield tag="110" ind1="2" ind2=" ">
    <subfield code="6">880-01</subfield>
    <subfield code="a">Keizai Kikakuch&#x14D; Keizai Kenky&#x16B;jo (Japan)</subfield>
  </datafield>
  <datafield tag="245" ind1="1" ind2="0">
    <subfield code="6">880-02</subfield>
    <subfield code="a">Sh&#x14D;wa 26--32-nen kokumin shihon kanj&#x14D; (kokumin taishaku taish&#x14D;hy&#x14D; kin&#x2BC;y&#x16B; renkanhy&#x14D;) :</subfield>
    <subfield code="b">sono shisan to mondaiten.</subfield>
  </datafield>
  <datafield tag="260" ind1=" " ind2=" ">
    <subfield code="6">880-03</subfield>
    <subfield code="a">[Tokyo] :</subfield>
    <subfield code="b">Keizai Kikakuch&#x14D; Keizai Kenky&#x16B;jo,</subfield>
    <subfield code="c">[1958]</subfield>
  </datafield>
  <datafield tag="300" ind1=" " ind2=" ">
    <subfield code="a">121 p. :</subfield>
    <subfield code="b">ill. ;</subfield>
    <subfield code="c">26 cm.</subfield>
  </datafield>
  <datafield tag="440" ind1=" " ind2="0">
    <subfield code="6">880-04</subfield>
    <subfield code="a">Keizai kenky&#x16B; shir&#x12B;zu ;</subfield>
    <subfield code="v">dai 1-g&#x14D;</subfield>
  </datafield>
  <datafield tag="500" ind1=" " ind2=" ">
    <subfield code="a">Cover title.</subfield>
  </datafield>
  <datafield tag="500" ind1=" " ind2=" ">
    <subfield code="a">Errata (4 p.) slips inserted.</subfield>
  </datafield>
  <datafield tag="650" ind1=" " ind2="0">
    <subfield code="a">National income</subfield>
    <subfield code="z">Japan</subfield>
    <subfield code="x">Accounting.</subfield>
  </datafield>
  <datafield tag="880" ind1="2" ind2=" ">
    <subfield code="6">110-01/$1</subfield>
    <subfield code="a">&#x7D4C;&#x6E08;&#x4F01;&#x753B;&#x5E81;&#x7D4C;&#x6E08;&#x7814;&#x7A76;&#x6240; (Japan)</subfield>
  </datafield>
  <datafield tag="880" ind1="1" ind2="0">
    <subfield code="6">245-02/$1</subfield>
    <subfield code="a">&#x662D;&#x548C; 26-32&#x5E74;&#x56FD;&#x6C11;&#x8CC7;&#x672C;&#x52D8;&#x5B9A; (&#x56FD;&#x6C11;&#x8CB8;&#x501F;&#x5BFE;&#x7167;&#x8868;&#x30FB;&#x91D1;&#x878D;&#x9023;&#x95A2;&#x8868;) :</subfield>
    <subfield code="b">&#x305D;&#x306E;&#x8A66;&#x7B97;&#x3068;&#x554F;&#x984C;&#x70B9;.</subfield>
  </datafield>
  <datafield tag="880" ind1=" " ind2=" ">
    <subfield code="6">260-03/$1</subfield>
    <subfield code="a">[Tokyo] :</subfield>
    <subfield code="b">&#x7D4C;&#x6E08;&#x4F01;&#x753B;&#x5E81;&#x7D4C;&#x6E08;&#x7814;&#x7A76;&#x6240;,</subfield>
    <subfield code="c">[1958]</subfield>
  </datafield>
  <datafield tag="880" ind1=" " ind2="0">
    <subfield code="6">440-04/$1</subfield>
    <subfield code="a">&#x7D4C;&#x6E08;&#x7814;&#x7A76;&#x30B7;&#x30EA;&#x4E00;&#x30BA; ;</subfield>
    <subfield code="v">&#x7B2C; 1&#x53F7;</subfield>
  </datafield>
  <datafield tag="999" ind1=" " ind2=" ">
    <subfield code="c">35180</subfield>
    <subfield code="d">35180</subfield>
  </datafield>
</record>
